000 00875nam a22003490a 4500
001 PT45020
003 AR-LpoUNG
005 20210131231036.0
008 191001s1984||||ag |||||||||||||||||spa d
020 _a9502500784
_c$59
040 _aAR-LpoUNG
_bspa
_cAR-LpoUNG
_eaacr
041 _aspa
044 _aag
082 0 _a982.062 619per
100 1 _aSirven, Pablo
245 1 0 _aPerón y los medios de comunicación :
_b1943-1955
260 _aBuenos Aires :
_bCentro Editor de América Latina,
_c1984.
300 _a150 p. :
_bdiagr., tbls.
650 4 _aANALISIS HISTORICO
650 4 _aARGENTINA
650 4 _aCENSURA
650 4 _aCENSURA
650 4 _aHISTORIA
650 4 _aPERIODISMO
650 4 _aPODER POLITICO
650 4 _aPRENSA
650 4 _aPROPAGANDA
651 4 _aArgentina
653 _aPERONISMO
905 _a45020
942 _cLIB
999 _c7659
_d7659